000 00999nam a22002891 4500
001 134158
003 ES-MaACL
005 20250830062951.0
007 t|
008 070906s1964 sp ||||0| spa d
016 7 _zIND2000943669
040 _aM-BN
_bspa
_cCDM
080 _a335.55(04)
100 1 _aWetter, Gustav A.
_9116586
245 1 3 _aLa ideología soviética /
_cG. A. Wetter y W. Leonhard ; [versión por Luis Santiago de Pablo].
260 _aBarcelona :
_bHerder,
_c1964.
300 _a676 p. ;
_c21 cm.
490 1 _aBiblioteca Herder. Sección de filosofía y teología ;
_v60
650 1 7 _aMaterialismo dialéctico
_2embne
_914849
650 7 _aComunismo
_2embne
_911211
700 1 _aLeonhard, Wolfgang.
_971687
700 1 _aSantiago de Pablo, Luis.
_9103397
830 0 0 _aBiblioteca Herder.
_pSección de teología y filosofía
_v60
_9182106
852 _aES-MaACL
_jC-26690
_bR.55833
852 _aES-MaACL
_jC-27652
_bR.56254
999 _c134158
_d134158